00423 2200157 4500001002100000008004100021035002000062245006100082100001700143260002500160300002400185020002200209084001400231082000800245990001200253INLIS000000000002841 IND  a0010-0925000188 a1001 Soal HOTS Kimia SMA kelas X, XI & XIIcAzizah Hefni aAzizah Hefni aJakartabMediac2021 a456c(15 x 22,5 cm) a978-979-168-512-2 a813 AZI s a813 a0755063